| 000 | 00836nam a22002177a 4500 | ||
|---|---|---|---|
| 020 | _a978-0-141-34076-0 | ||
| 082 |
_a823 _bCOL/A |
||
| 100 | _aCOLFER, EOIN | ||
| 245 | _aARTEMIS FOWL | ||
| 246 | _aAND THE LAST GUARDIAN | ||
| 246 | _aTHE ARTIC INCIDENT | ||
| 246 | _aAND THE ATLANTIS COMPLEX | ||
| 246 | _aAND THE ARTIC INCIDENT | ||
| 246 | _aARTAND THE TIME PARADOX | ||
| 246 | _aARTEMIS FOWL | ||
| 260 |
_aLONDON _bPUFFIN BOOKS _c2013 |
||
| 300 | _a294 | ||
| 520 | _aTwelve-year-old criminal mastermind Artemis Fowl has discovered a world below ground of armed and dangerous—and extremely high-tech—fairies. He kidnaps one of them, Holly Short, and holds her for ransom in an effort to restore his family's fortune. But he may have underestimated the fairies' powers. | ||
| 650 |
_aNOVEL _zUNITED KINGDOM |
||
| 942 | _cBK | ||
| 999 |
_c2963 _d2963 |
||